banner koha

Mensuração da glicemia em cães mediante a utilização do glicosímetro portátil: comparação entre amostras de sangue capilar e venoso (Registro n. 189911)

MARC details
000 -LÍDER
campo de controle de tamanho fixo 01043nas a2200337 4500
001 - NÚMERO DE CONTROLE
campo de controle BR0704837
003 - IDENTIFICADOR DO NÚMERO DE CONTROLE
campo de controle BR-BrBNA
005 - DATA E HORÁRIO DA ÚLTIMA TRANSAÇÃO
campo de controle 20231205110942.0
007 - CAMPO FIXO DE DESCRIÇÃO FÍSICA--INFORMAÇÃO GERAL
campo de controle de tamanho fixo ta
008 - CAMPO DE DADOS FIXOS--INFORMAÇÃO GERAL
campo de controle de tamanho fixo 230509b bl.|||p| |||| 00| 00por d
040 ## - FONTE DA CATALOGAÇÃO
Instituição da catalogação original BR-BrBNA
Idioma da catalogação por
Instituição que transcreveu o registro Biblioteca Nacional de Agricultura
041 ## - CÓDIGO DE IDIOMA
Código do idioma do texto/trilha sonora ou título diferente (Pt)
072 ## - CÓDIGO DE CATEGORIA DE ASSUNTO
Código de Categoria de Assunto L70
100 1# - ENTRADA PRINCIPAL--NOME PESSOAL
Nome pessoal Aleixo, G.A.S.
100 1# - ENTRADA PRINCIPAL--NOME PESSOAL
Nome pessoal Coelho, M.C.O.C.
100 1# - ENTRADA PRINCIPAL--NOME PESSOAL
Nome pessoal Tenorio, A.P.M.
100 1# - ENTRADA PRINCIPAL--NOME PESSOAL
Nome pessoal Guimarães, A.L.N.
100 1# - ENTRADA PRINCIPAL--NOME PESSOAL
Nome pessoal Andrade, M.B.
100 1# - ENTRADA PRINCIPAL--NOME PESSOAL
Nome pessoal L. Junior, C.G.
100 1# - ENTRADA PRINCIPAL--NOME PESSOAL
Nome pessoal Nascimento, C.R.A.
245 1# - TÍTULO
Título Mensuração da glicemia em cães mediante a utilização do glicosímetro portátil: comparação entre amostras de sangue capilar e venoso
650 ## - ASSUNTO--TERMO TÓPICO
Cabeçalho tópico ou nome geográfico CÃO
650 ## - ASSUNTO--TERMO TÓPICO
Cabeçalho tópico ou nome geográfico GLICOSE
650 ## - ASSUNTO--TERMO TÓPICO
Cabeçalho tópico ou nome geográfico SANGUE
650 ## - ASSUNTO--TERMO TÓPICO
Cabeçalho tópico ou nome geográfico EQUIPAMENTO PECUÁRIO
650 ## - ASSUNTO--TERMO TÓPICO
Cabeçalho tópico ou nome geográfico MEDIÇÃO
773 0# - ENTRADA ANALÍTICA
Título Medicina Veterinaria (Brazil)
ISSN - International Standard Serial Number ISSN 1809-4678
Partes relacionadas (Jan-Jun 2007), v. 1(1) p. 9-13
Número de controle do registro BR0704837
856 40 - LOCALIZAÇÃO ELETRÔNICA E ACESSO
Caminho Link DSPACE/MAPA BR0704837
909 ## -
-- 202311
-- Lúcia
-- 55
-- Lúcia Elande
942 ## - ELEMENTOS DE ENTRADA ADICIONADOS (KOHA)
Fonte da classificação ou esquema de arquivamento na estante Classificação AGRIS
Ocultar no OPAC Não
Tipo de material Koha Analítica
Exemplares
Situação do descarte Fonte da classificação ou esquema de arquivamento na estante Situação física Não pode ser emprestado Biblioteca de origem Biblioteca atual Localização na estante Enumeração do periódico / cronologia Total de empréstimos Data de último acesso Número do exemplar Tipo de material Koha Fonte de aquisição
  Classificação AGRIS   Consulta local Biblioteca Nacional de Agricultura - Binagri Biblioteca Nacional de Agricultura - Binagri   (Jan-Jun 2007), v. 1(1) p. 9-13   29/11/2023 01 Periódicos Portaria Interministerial nº 164/94

BINAGRI

Telefone: (61)3218-2567/2388/3357/2097 - binagri@agro.gov.br

Ministério da Agricultura e Pecuária , Esplanada dos Ministérios, Bloco D, Anexo B, Brasília/DF, CEP: 70.043-900